[Event "Bayerische EM 2012 Allgemeine Klasse"]
[Site "Bayerisch Eisenstein"]
[Date "2012.08.26"]
[Round "9.6"]
[White "Lederle, Vitus"]
[Black "Kreuzer, Klaus"]
[Result "1/2-1/2"]
[WhiteElo "2220"]
[BlackElo "2130"]
[PlyCount "151"]
[EventDate "2012.??.??"]
[WhiteTeam "SC Dillingen"]
[BlackTeam "SC Bayerwald/Regen"]

1. e4 d6 2. d4 Nf6 3. Nc3 g6 4. f3 c6 5. Be3 Nbd7 6. Qd2 Bg7 7. Nge2 b5 8. g4
Nb6 9. Ng3 h5 10. gxh5 Nxh5 11. Nxh5 Rxh5 12. O-O-O Qc7 13. Bd3 a6 14. f4 d5
15. e5 Bf5 16. Ne2 Bxd3 17. cxd3 e6 18. Kb1 O-O-O 19. Nc1 Nd7 20. Nb3 Nb8 21.
Bf2 Bf8 22. Rc1 Qb6 23. Rc2 Kd7 24. Na5 Rc8 25. b4 Be7 26. a3 Rch8 27. Bg3 Rc8
28. Rhc1 Bf8 29. Nb3 Be7 30. Qe3 Rch8 31. Rf1 Bf8 32. Qg1 Rf5 33. Rg2 Be7 34.
Be1 Qd8 35. Nd2 Rh3 36. Bg3 a5 37. Kb2 a4 38. Kc3 Qf8 39. Rb1 Na6 40. Nf1 Rh8
41. Ne3 Rfh5 42. Rc2 Qd8 43. Kb2 Qb6 44. Nf1 Nb8 45. Nd2 Bf8 46. Nf3 Be7 47.
Qe3 Qd8 48. h4 Rf5 49. Ng5 Rh5 50. Ne4 Rh8 51. Rbc1 Qb6 52. Ng5 Rh5 53. Rc5 Bf8
54. Qd2 Be7 55. Qc2 Qb7 56. Ne4 Rh8 57. Nc3 Bxc5 58. dxc5 Kc7 59. Ne2 Nd7 60.
Nd4 Rfh5 61. Rf1 Qb8 62. Rf3 Qf8 63. Qf2 Qe7 64. f5 gxf5 65. Nxf5 Rxf5 66. Rxf5
exf5 67. e6+ Kb7 68. exd7 Qxd7 69. d4 Qe6 70. Qf4 Qe2+ 71. Kc1 Qc4+ 72. Kd2
Qa2+ 73. Kd1 Qb1+ 74. Kd2 Qb2+ 75. Kd1 Qb1+ 76. Kd2 1/2-1/2

[Event "Bayerische EM 2012 Allgemeine Klasse"]
[Site "Bayerisch Eisenstein"]
[Date "2012.08.26"]
[Round "9.7"]
[White "Schelle, Artur"]
[Black "Kolb, Wolfgang"]
[Result "1-0"]
[WhiteElo "2215"]
[BlackElo "2066"]
[PlyCount "69"]
[EventDate "2012.??.??"]
[WhiteTeam "SC Tarrasch 45 München"]
[BlackTeam "SK Königsbrunn"]

1. e4 d5 2. exd5 Qxd5 3. Nc3 Qa5 4. d4 Nf6 5. Nf3 Bf5 6. Bc4 c6 7. Bd2 e6 8.
Nd5 Qd8 9. Nxf6+ Qxf6 10. Qe2 Bg4 11. d5 Bxf3 12. gxf3 cxd5 13. Bxd5 Nd7 14.
O-O-O O-O-O 15. Be4 Qe5 16. f4 Qc7 17. Be3 Nc5 18. Rxd8+ Kxd8 19. Rd1+ Kc8 20.
Rd4 Nxe4 21. Rxe4 Kb8 22. Qb5 Bd6 23. Rc4 Qd8 24. Ra4 b6 25. Rd4 Qe7 26. a4 Rc8
27. a5 Qc7 28. Qd3 Bc5 29. Rd7 Bxe3+ 30. fxe3 Qc6 31. axb6 axb6 32. Rxf7 Qh1+
33. Qd1 Qe4 34. Qd6+ Ka8 35. Qa3+ 1-0

[Event "Bayerische EM 2012 Allgemeine Klasse"]
[Site "Bayerisch Eisenstein"]
[Date "2012.08.26"]
[Round "9.8"]
[White "Schmid, Roland"]
[Black "Zill, Christoph"]
[Result "1/2-1/2"]
[WhiteElo "2249"]
[BlackElo "2219"]
[PlyCount "42"]
[EventDate "2012.??.??"]
[WhiteTeam "TSV Wacker Neutraubling"]
[BlackTeam "SK Freising"]

1. Nf3 Nf6 2. c4 e6 3. g3 b6 4. Bg2 Bb7 5. O-O c5 6. b3 d6 7. Bb2 Nbd7 8. e3
Be7 9. Nc3 O-O 10. Qe2 Ne4 11. Rad1 Nxc3 12. Bxc3 Nf6 13. d3 a6 14. e4 b5 15.
e5 dxe5 16. Qxe5 Bd6 17. Qe2 Qe7 18. Rfe1 Rfd8 19. Ne5 Bxg2 20. Kxg2 Qb7+ 21.
Qf3 Qxf3+ 1/2-1/2

[Event "Bayerische EM 2012 Allgemeine Klasse"]
[Site "Bayerisch Eisenstein"]
[Date "2012.08.26"]
[Round "9.9"]
[White "Bartsch, Berthold"]
[Black "Krauß, Josef"]
[Result "1-0"]
[WhiteElo "2269"]
[BlackElo "2130"]
[PlyCount "111"]
[EventDate "2012.??.??"]
[WhiteTeam "SC Forchheim e.V."]
[BlackTeam "Schachklub Schweinfurt 2000 e.V."]

1. Nc3 d5 2. e4 dxe4 3. Nxe4 Bf5 4. Ng3 Bg6 5. Nf3 e6 6. d4 Nd7 7. h4 h6 8. h5
Bh7 9. Bf4 Bd6 10. Bxd6 cxd6 11. Bd3 Bxd3 12. Qxd3 d5 13. O-O-O Qa5 14. Kb1
O-O-O 15. Rhe1 Ne7 16. Nh4 Nc6 17. c3 Qc7 18. Qd2 Rhe8 19. f4 f5 20. Ng6 Nf6
21. Re2 Kb8 22. Rde1 Qf7 23. Qe3 Nxh5 24. Nxh5 Qxg6 25. Qh3 Rd7 26. Re3 Qf7 27.
Qh4 Qe7 28. Qh2 g6 29. Ng3 h5 30. Ne2 Nd8 31. Ng1 Nf7 32. Rg3 Qf6 33. Nf3 Rg8
34. Ng5 Nxg5 35. fxg5 Qe7 36. Rge3+ Qd6 37. Qxd6+ Rxd6 38. Rxe6 Rgd8 39. Kc2
Kc7 40. R6e5 Rh8 41. Re7+ Rd7 42. R1e6 Rg8 43. Re5 Rg7 44. Rxg7 Rxg7 45. Rxd5
h4 46. Kd3 Rh7 47. Ke3 Kc6 48. c4 h3 49. gxh3 Rh4 50. b3 a6 51. Rd8 Re4+ 52.
Kf3 Kc7 53. Rg8 Rxd4 54. Rxg6 Rd3+ 55. Kf4 Rxh3 56. Rh6 1-0

[Event "Bayerische EM 2012 Allgemeine Klasse"]
[Site "Bayerisch Eisenstein"]
[Date "2012.08.26"]
[Round "9.11"]
[White "Stadler, Alex"]
[Black "Laubert, Johannes"]
[Result "1/2-1/2"]
[WhiteElo "2035"]
[BlackElo "2108"]
[PlyCount "96"]
[EventDate "2012.??.??"]
[WhiteTeam "SV Deggendorf"]
[BlackTeam "SC Windischeschenbach"]

1. Nf3 Nf6 2. c4 e6 3. g3 d5 4. Bg2 Be7 5. O-O O-O 6. d4 dxc4 7. Ne5 c5 8. dxc5
Qc7 9. c6 bxc6 10. Nxc4 e5 11. b3 Be6 12. Bb2 Nbd7 13. Qc2 Rfc8 14. Nbd2 Nd5
15. e4 Nb4 16. Qc3 f6 17. a3 Na6 18. Ne3 Bc5 19. Qd3 Qb7 20. Nf5 Rd8 21. b4 Bf8
22. Rfd1 c5 23. b5 Nc7 24. a4 a6 25. Nd6 Bxd6 26. Qxd6 Nf8 27. Qxc5 axb5 28.
Qb4 Rab8 29. axb5 Nxb5 30. Bf1 Nd4 31. Qxb7 Rxb7 32. Bc3 Rbd7 33. Ba5 Ra8 34.
Bc4 Nf3+ 35. Nxf3 Rxd1+ 36. Rxd1 Bxc4 37. Ra1 Bd3 38. Nd2 Ne6 39. Bc3 Rc8 40.
Ra3 Bc2 41. Kg2 Rd8 42. f3 Nc5 43. Ba5 Rd7 44. Nc4 Bb3 45. Bb4 Bxc4 46. Bxc5
Rd2+ 47. Bf2 Rd1 48. g4 Rd7 1/2-1/2

[Event "Bayerische EM 2012 Allgemeine Klasse"]
[Site "Bayerisch Eisenstein"]
[Date "2012.08.26"]
[Round "9.12"]
[White "Beier, Klaus"]
[Black "Kunz, Konstantin"]
[Result "1-0"]
[WhiteElo "2126"]
[BlackElo "2303"]
[PlyCount "97"]
[EventDate "2012.??.??"]
[WhiteTeam "SK Michelau"]
[BlackTeam "SC Kitzingen von 1905"]

1. d4 Nf6 2. Nf3 e6 3. Bf4 b6 4. e3 Bb7 5. Bd3 c5 6. c3 a6 7. h3 d5 8. O-O Bd6
9. Bxd6 Qxd6 10. Ne5 O-O 11. Nd2 Nbd7 12. f4 Rfd8 13. g4 Ne4 14. Bxe4 dxe4 15.
Ndc4 Qc7 16. Nxd7 b5 17. Nce5 f6 18. Nxc5 Bd5 19. b3 fxe5 20. fxe5 Qe7 21. Qe1
a5 22. Qg3 a4 23. g5 Ra7 24. Qf4 axb3 25. axb3 Rxa1 26. Rxa1 Rf8 27. Qg4 Qf7
28. Qg2 Qh5 29. Rf1 Rxf1+ 30. Qxf1 Qxg5+ 31. Kf2 Qh4+ 32. Ke2 Qg3 33. Kd2 h6
34. Qxb5 Qf2+ 35. Qe2 Qg3 36. c4 Bc6 37. Nxe6 Bd7 38. Nf4 g5 39. e6 Be8 40. Nd5
Qxh3 41. Nf6+ Kf8 42. Nxe8 Kxe8 43. d5 Ke7 44. Qf2 Qf3 45. Qh2 g4 46. Qc7+ Kf6
47. Qf7+ Kg5 48. Qxf3 exf3 49. e7 1-0

[Event "Bayerische EM 2012 Allgemeine Klasse"]
[Site "Bayerisch Eisenstein"]
[Date "2012.08.26"]
[Round "9.13"]
[White "Bachhuber, Dominik"]
[Black "Ciaffone, Daniel"]
[Result "0-1"]
[WhiteElo "1858"]
[BlackElo "2145"]
[PlyCount "96"]
[EventDate "2012.??.??"]
[WhiteTeam "Rainer SC"]
[BlackTeam "FC Bayern München e.V."]

1. e4 e5 2. Nf3 Nc6 3. Bb5 f5 4. O-O fxe4 5. Bxc6 dxc6 6. Nxe5 Nf6 7. Nc3 Qd4
8. Nxc6 bxc6 9. d3 Bd6 10. Nxe4 Nxe4 11. Qh5+ Kf8 12. Qh4 Bf5 13. dxe4 Qxe4 14.
Qxe4 Bxe4 15. c3 Kf7 16. Re1 Rhe8 17. Be3 a5 18. Rad1 c5 19. f3 Bc6 20. Kf2 a4
21. c4 Rab8 22. Re2 Rb4 23. Rc2 Reb8 24. Bc1 Be5 25. Rdd2 Bd4+ 26. Ke2 Bd7 27.
g4 Re8+ 28. Kd1 Be6 29. Re2 Bc8 30. Rxe8 Kxe8 31. Ke2 Kf7 32. Kd3 h5 33. h3
hxg4 34. hxg4 Ba6 35. Bf4 Rxb2 36. Rxb2 Bxb2 37. Bxc7 Ke6 38. Bg3 Bd4 39. Bc7
Bb7 40. Ke2 Bc6 41. Bg3 Be8 42. f4 g6 43. Kd3 Bc6 44. Be1 Bf3 45. g5 Kf5 46.
Bd2 Be4+ 47. Ke2 Bc2 48. Bc1 Ke4 0-1